| 000 | 00640nam a2200217 a 4500 | ||
|---|---|---|---|
| 001 | BRCA_6585 | ||
| 005 | 20190321142921.0 | ||
| 008 | 011011s1962----u--a######---#000-0#eng-# | ||
| 041 | _aeng | ||
| 044 | _au | ||
| 050 | 4 | _b.C38 1962 | |
| 245 | 1 | 0 |
_aCatalogue Masterpieces of Art _bFine Arts Pavilion ; April 21 to September 4, 1962. |
| 260 |
_aCleveland, Ohio _bSeattle World´s Fair _cc1962 |
||
| 300 |
_a164 p. _bil. (algunas a color) _c23 cm. |
||
| 500 | _aIncluye índice alfabético | ||
| 500 | _aDonación Dra. Elsa Barberena | ||
| 650 | 1 | 4 |
_aArte _xCatálogos _916430 |
| 650 | 1 | 4 |
_aSubastas _97837 |
| 902 | _aDEB | ||
| 942 |
_2lcc _cB |
||
| 999 |
_c6269 _d6269 |
||